Referentes teóricos del turismo alternativo : enfoque en comunidades rurales /

Guardat en:
Dades bibliogràfiques
Autor principal: Velarde Valdez, Mónica (coordinación)
Altres autors: Maldonado Alcudia, Ana Virginia del Carmen (coordinación) (coordinación), Gómez Nieves, Salvador (coordinación) (coordinación)
Format: Llibre
Idioma:espanyol
Publicat: Guadalajara, México : Los Mochis, México : Los Angeles, EUA : México : Universidad de Guadalajara, Centro Universitario de Ciencias Económico Administrativas ; Universidad de Occidente ; PROFMEX ; Juan Pablos, 2015, c2015
Col·lecció:(Ciclos y Tendencias en el Desarrollo de México ; 43)
Matèries:
Etiquetes: Afegir etiqueta
Sense etiquetes, Sigues el primer a etiquetar aquest registre!

MARC

LEADER 00000nam^a2200000^a^4500
001 000624572
005 20260220151524.0
009 20260310133959.359
020 |a 978-607-711-274-7 
025 |a Donación sin dato, 1 ejemplar 
037 |a Acervo Xavier Clavigero 
041 |a ESP 
082 |a 910. 1041  |b VEL 
100 |a Velarde Valdez, Mónica  |e (coordinación) 
245 1 0 |a Referentes teóricos del turismo alternativo :  |b enfoque en comunidades rurales /  |c Coord. de M. Velarde Valdez, A.V.C. Maldonado Alcudia, S. Gómez Nieves. 
264 4 |a Guadalajara, México :  |b Universidad de Guadalajara, Centro Universitario de Ciencias Económico Administrativas ;  |a Los Mochis, México :  |b Universidad de Occidente ;  |a Los Angeles, EUA :  |b PROFMEX ;  |a México :  |b Juan Pablos,  |c 2015, c2015 
300 |a 218 p. 
336 |a texto  |b txt  |2 rdacontenido 
337 |a sin mediación  |b n  |2 rdamedio 
338 |a volumen  |b nc  |2 rdasoporte 
440 1 |a (Ciclos y Tendencias en el Desarrollo de México ;  |v 43) 
649 |a XX 
650 |a Ecoturismo -  |x Aspectos Sociales y Culturales 
650 |a Ecoturismo -  |x Aspectos Económicos 
650 |a Ecoturismo -  |x Tema Principal 
650 |a Turismo Rural 
650 |a Turismo Rural -  |x Aspectos Sociales y Culturales 
650 |a Turismo Rural -  |x Aspectos Económicos 
650 |a Conservación y Protección Ambiental 
650 |a Desarrollo Sustentable 
650 |a Desarrollo Rural -  |x Tema Principal 
650 |a Desarrollo Regional 
650 |a Desarrollo Económico-Social 
650 |a Política Turística 
650 |a Ecología 
650 |a Economía 
700 |a Maldonado Alcudia, Ana Virginia del Carmen  |e (coordinación) 
700 |a Gómez Nieves, Salvador  |e (coordinación) 
910 |a Fondo General 
920 |a Impresos - Libros 
930 |a Colección General 
905 |a 101 
901 |a 624880-10  |b IT1  |c ACC  |i D  |u 20251124 
902 |a https://opac.biblio.iteso.mx/vufind/Record/000624572